Diseño de la estructura de pavimento flexible del tramo: empalme San Pedro de Lóvago - El Pájaro Negro (18 Kms). Por medio del método AASHTO 93
Se presenta el diseño de la estructura de pavimento flexible del tramo: empalme San Pedro de Lóvago - El Pájaro Negro (18 Kms). Por medio del método AASHTO 93, se realizan muestras de los suelos, características físicas y mecánicas de los bancos de materiales del proyecto, se determina el vol...
| Main Author: | |
|---|---|
| Other Authors: | |
| Format: | Tesis Section = Libro |
| Language: | Undetermined Spanish |
| Published: |
Managua
UNI
2014
|
| Subjects: |
| LEADER | 01405nam a2200241Ia 4500 | ||
|---|---|---|---|
| 008 | 240830s9999 xx 000 0 und d | ||
| 040 | |a BIBLIOTECA-RUPAP T.Mon 625.85 M183 | ||
| 041 | |a spa | ||
| 082 | |a T.Mon 625.85 M183 | ||
| 100 | 1 | |a Madrigal Chévez, Sussel Stephanny | |
| 245 | 1 | 0 | |a Diseño de la estructura de pavimento flexible del tramo: empalme San Pedro de Lóvago - El Pájaro Negro (18 Kms). Por medio del método AASHTO 93 |
| 260 | |a Managua |b UNI |c 2014 | ||
| 300 | |a 68 p. :il. | ||
| 500 | |a Contiene: anexos. | ||
| 502 | |a Tesis (Ingeniero Civil)- UNI, 2014. | ||
| 520 | 3 | |a Se presenta el diseño de la estructura de pavimento flexible del tramo: empalme San Pedro de Lóvago - El Pájaro Negro (18 Kms). Por medio del método AASHTO 93, se realizan muestras de los suelos, características físicas y mecánicas de los bancos de materiales del proyecto, se determina el volumen de transito que circula por la vía y proyectar por un periodo de 20 años a través de la tasa de crecimiento estimada para el crecimiento vehicular y determinar los espesores de la estructura de pavimento con carpeta de rodamiento flexible mediante el método AASHTO – 93. | |
| 650 | 7 | |a PAVIMENTOS | |
| 650 | 7 | |b PAVIMENTOS FLEXIBLES | |
| 650 | 7 | |c PAVIMENTOS-DISEÑO Y CONSTRUCCION | |
| 700 | 1 | |a Tutor: |b Bustamante Arteaga, José Fernando | |
| 942 | |c BK |2 ddc | ||
| 991 | |a TESIS | ||
| 999 | |c 18358 | ||